Plus grandes villes françaises en "Mont" - Statistiques

Statistiques générales
  • Ce quiz a été pris 78 fois
  • Le résultat moyen est 4 sur 9
Statistiques - réponses
Population Ville % Correct
307 101 Montpellier
91%
31 455 Mont-de-Marsan
60%
62 487 Montauban
57%
110 758 Montreuil
49%
40 356 Montélimar
47%
33 317 Montluçon
36%
25 573 Montbéliard
29%
32 150 Montigny-le-Bretonneux
19%
46 273 Montrouge
19%
Aucun quiz correspondant
Distribution des résultats
% des personnes avec chaque résultat
Percentile par nombre de réponses
Votre historique - résultats
Vous n’avez pas pris ce quiz